Persian to English Country Names #2 - Statistics

General Stats
  • This quiz has been taken 33 times
  • The average score is 17 of 20
Answer Stats
Persian Pronounce English % Correct
کوبا Kooba Cuba
100%
فنلاند Fanland Finland
100%
لوکزامبورگ Lokzamburg Luxembourg
100%
نروژ Norvezh Norway
100%
عربستان سعودی Arabestane Saoudi Saudi Arabia
100%
اسپانیا Espania Spain
100%
انگلستان Engelestan United Kingdom
100%
ژاپن Zhapon Japan
97%
هلند Holand Netherlands
97%
سوئیس Souis Switzerland
97%
اتریش Otrish Austria
91%
بلژیک Belzhik Belgium
91%
اتیوپی Etyupi Ethiopia
91%
قزاقستان Ghazaghestan Kazakhstan
84%
سوئد Soued Sweden
81%
شیلی Shili Chile
78%
مجارستان Majarestan Hungary
56%
جزایر سلیمان Jazaire Soleiman Solomon Islands
50%
لهستان Lahestan Poland
28%
ساحل عاج Sahele Aj Ivory Coast
19%
No matching quizzes found
Score Distribution
Percent of People with Each Score
Percentile by Number Answered
Your Score History
You have not taken this quiz